General urology

Zapisane w:
Opis bibliograficzny
1. autor: Donald R. Smith
Format: Książka
Język:Undetermined
Wydane: California LANGE 1978
Hasła przedmiotowe:
Etykiety: Dodaj etykietę
Nie ma etykietki, Dołącz pierwszą etykiete!
Thư viện lưu trữ: Trung tâm Học liệu Trường Đại học Cần Thơ
LEADER 00449nam a2200169Ia 4500
001 CTU_45933
008 210402s9999 xx 000 0 und d
082 |a 616.6 
082 |b S642 
100 |a Donald R. Smith 
245 0 |a General urology 
245 0 |c Donald R. Smith 
260 |a California 
260 |b LANGE 
260 |c 1978 
650 |a genetourinary organs - diseases,urology 
980 |a Trung tâm Học liệu Trường Đại học Cần Thơ